00525cam a22001577a 4500008004000000082001500040100001700055245007400072260002700146300001000173440003900183650002500222700001500247999001900262952008600281180718b1968 xxu||||| |||| 00| 0 eng d aR7x42 W691 aWilson, A.W. aIndustrial relations, law and economicscby A.W. Wilson and S.R. Hill aLondonbLongmansc1968 a185p. aLongman's supervisory series; v.3. aIndustrial relations aHill, S.R. c434690d434690 00104070aIIPAbIIPAd2010-02-17oR7x42 W691p42372r2018-07-21w2018-07-21yBK